| 000 | 01269nam a2200277 a 4500 | ||
|---|---|---|---|
| 001 | 000025127 | ||
| 003 | DO-SdBNP | ||
| 005 | 20250219170734.0 | ||
| 008 | 130621s2011 dr 000 0 spa d | ||
| 040 |
_aDO-SdBNP _bspa _cBNPHU |
||
| 082 | 4 |
_a352.34 _bR426p, 2011-2014 _222 |
|
| 110 | 1 |
_aRepública Dominicana. _bMinisterio de Economía, Planificación y Desarrollo _966142 |
|
| 245 | 1 | 0 |
_aPlan nacional plurianual del sector público 2011-2014 / _cprólogo, Juan Temístocles Montás ; coordinador general, Juan T. Monegro. |
| 260 |
_aSanto Domingo : _bMinisterio de Economía, Planificación y Desarrollo, _c2011. |
||
| 300 |
_a263 p. ; _c29 cm. |
||
| 590 | _aInventariado, 2021/MFF | ||
| 650 | 4 |
_aPolítica de gastos públicos _zRepública Dominicana _979139 _y2011-2014 |
|
| 650 | 4 |
_aPolítica pública _zRepública Dominicana _y2011-2014 _980183 |
|
| 651 | 4 |
_aRepública Dominicana _xAdministración pública _y2011-2014 _980184 |
|
| 651 | 4 |
_aRepública Dominicana _xPolítica económica _y2011-2014 _980185 |
|
| 651 | 4 |
_aRepública Dominicana _xPolítica social _y2011-2014 _980186 |
|
| 700 | 1 |
_aMontás, Juan Temístocles _d1950- _epról. _979676 |
|
| 700 | 1 |
_aMonegro, Juan T. _ecoord. _953435 |
|
| 910 | _aValidado. Control de calidad MFF | ||
| 942 |
_2ddc _cLBS1 |
||
| 999 |
_c24620 _d24620 |
||